000 00332nam a22001337a 4500
008 210226b ||||| |||| 00| 0 eng d
020 _a9781284136135
041 _aeng
080 _25th
_a721
100 _a41
101 _aNDE
245 _aBrannigans's Building Construction for the Fire Service
_cCorbett ,P.G
942 _2udc
_cBK
999 _c55284
_d55284